Statistics for General Knowledge: Spongebob

Click here to take the quiz!

General Stats

  • This quiz has been taken 16 times
  • The average score is 10 of 20

Answer Stats

Hint Answer % Correct
What does Spongebob get on Mr. Krabs' first dollar?Paint
87%
What kind of person drops a pencil into the sea, allowing Spongebob and Patrick to draw Doodlebob?Artist
87%
The Krusty Krab pizza is the pizza for who?You and me
80%
What kind of buddy does Spongebob bring with him to Goo Lagoon on Lief Ericcson day?Bubble Buddy
80%
If the lights flicker on and off and the phone rings but there's nobody there, who is approaching?Hash Slinging Slasher
80%
After deciding to live indoors forever, Spongebob befriends a chip, a penny, and a what?Used napkin
60%
How many bad words are there if you're a sailor?13
60%
Spongebob gets stuck in Rock Bottom after going to which amusement park?Glove World
60%
What should you never wear in a goofy fashion if you want to protect yourself from sea bears?Sombrero
60%
According to Plankton, the "U" in "fun" stands for what?Uranium bombs
53%
What kind of person did Spongebob and Mr. Krabs think they murdered?Health Inspector
47%
Mr. Krabs is standing at the what while he's plotting his opression?Concession
40%
What noisy machine do Patrick and Spongebob play with outside of Squidward's house, annoying him?Reef blower
33%
What color are the insides of the Krabby Patties at Krabby O'Monday's?Gray
33%
Feeding your snail, karate-chopping the TV, and shootin' the breeze with the mailman are all things not to do where?At a stoplight
33%
Master Udon of Karate Island tells Spongebob he is not King of Karate, but could be king of what?Condos
27%
The man with glass bones and paper skin lies awake in agony every night until his what put him to sleep?Heart attacks
27%
What kind of tissue does Squidward need when he cries?4-ply
27%
What is Gary's name after he is found by a grandma?Miss Tuffsy
20%
The evil wizard's dragon will torch hospitals, schools, retirement homes, and even ye olde what?Bowling alley
13%

Score Distribution

Percentile by Number Answered

Percent of People with Each Score

Your Score History

You have not taken this quiz